| 000 | 00322nam a2200133 i 4500 | ||
|---|---|---|---|
| 001 | bg | ||
| 100 | 1 | _aPARKER, G. H. | |
| 245 | 0 |
_aAnimal colour changes and their neuruhumours / _cG.H. Parker. |
|
| 260 |
_aNev York, _c1971. |
||
| 040 | _cBPK | ||
| 041 | _apol | ||
| 942 | _cKS | ||
| 008 | s pl f |000 0 pol | ||
| 999 |
_c26152 _d26152 |
||
| 856 |
_uhttp://koha.tu.koszalin.pl/cgi-bin/koha/opac-detail.pl?biblionumber=26152 _yKatalog online BPK |
||